000 00728nam a22002297a 4500
003 UA-OsUOA
001 56363
007 ta
008 20081017b un ||||| |||| 00| 0 ukr d
100 _aКоляда Т.А
700 _aЧуркіна І.Є.
090 _a330
_bК62
942 _cSA
040 _aUA-OsUOA
_bukr
_cUA-OsUOA
_dUA-OsUOA
245 _aОсобливості фіскальної ефективності оподаткування доходів фізичних осіб в умовах інтеграції
300 _aС.70-77
955 _a0
041 _aukr
080 _a330
773 0 _w56358
_tФінанси України
_dК.
_d2008
_g6
650 7 _a330 Економіка взагалі
_2UDC
999 _c342448
_d342448